Quizzes
Events
Quiz Creation
Community
Videos
Private Events
Remove Ads
Sign In
Join for FREE
Feedback
Dark Mode
Quiz Categories
Sports
Geography
Music
Movies
Television
Just For Fun
Miscellaneous
History
Literature
Language
Science
Gaming
Entertainment
Religion
Holiday
For Kids
Quiz Lab
Recent
Popular Today
Quiz Kudos Today
Editor Picks
Curator Picks
Quizzes by...
Day
Popularity
Type
Ratings
Length
Year
Community
Subscriptions
Recent Discussions
Orange Saloon
Badges
Playlists
Quests
Create
Leaderboards
Showdown
Live 5
Trivia Bingo
Activity
Puzzle Library
Sporcle Events
Private Events
Virtual Trivia
Globe League
Become a Host
Pub Owners
SporcleCon
Opinionation
Our Games
Videos
Blog
Mobile Apps
Partnerships
Remove Ads and Go Orange
Feedback
Movies
Disney
Marvel Cinematic Universe
Movie Resume
Movie Titles
Oscar
Actor
Actress
Director
Pixar
Role
Movie Quotes
Movie Characters
Box Office
Nominee
Best Picture
Star Wars
James Bond
Horror Movies
Movies
Disney
Marvel Cinematic Universe
Movie Resume
Movie Titles
Oscar
Actor
Actress
Director
Pixar
Role
Movie Quotes
Movie Characters
Box Office
Nominee
Best Picture
Star Wars
James Bond
Horror Movies
Random Quiz
Search Sporcle
×
Quiz Lab
Quiz Lab
Movies
Actress
Type in answers that appear in a list
Type in answers that appear in a list
Classic
Best Score? Go Orange.
Gangsters in Cinema Stats
Can you name the actors who play these outlaws in the movies?
By
Prega
6m
22 Questions
226 Plays
226 Plays
226 Plays
Comments
Comments
Give Quiz Kudos
Give Quiz Kudos
-
- Ratings
hide this ad
Replay
Link that replays current quiz
Next Quiz
Link to next quiz in quiz playlist
You Got
0%
They Got
Avg Score
32%
Avg Friend Score
Upgrade to see
Score Distribution
Jump to the score distribution portion of the page
Score
0/22
Timer
06:00
0
Plays Today
Name
Actor/Actress
% Correct
Tony 'Scarface' Montana
Al Pacino
89.8%
Al Capone
Robert DeNiro
78.8%
John Dillinger
Johnny Depp
74.8%
Butch Cassidy
Paul Newman
67.3%
The Sundance Kid
Robert Redford
65.9%
Clyde Barrow
Warren Beatty
65.5%
Ben ‘Bugsy’ Siegel
Warren Beatty
65.5%
Jesse James
Brad Pitt
59.3%
Bonnie Parker
Faye Dunaway
46.5%
Frank James
Henry Fonda
17.3%
John Dillinger
Warren Oates
14.2%
Name
Actor/Actress
% Correct
Al Capone
Rod Steiger
13.7%
Al Capone
Jason Robards
13.7%
Jesse James
Tyrone Power
10.6%
George R. ‘Machine Gun’ Kelly
Charles Bronson
10.2%
Lester ‘Baby Face Nelson’ Gillis
Mickey Rooney
8.4%
Jack ‘Legs’ Diamond
Ray Danton
4%
Frank James
Sam Shepard
3.1%
Billy The Kid
Robert Taylor
2.7%
Billy The Kid
Johnny Mack Brown
1.8%
Lucky Luciano
Stanley Tucci
1.8%
Pretty Boy Floyd
John Ericson
0.9%
Quiz Playlist
Details
Report
Send in Message
Add To Playlist
Classic:
Type in answers that appear in a list
Last Updated: Feb 16, 2017
Quiz Scoreboard
CHALLENGE
Sign Up to Join the Scoreboard
Show All
Scores
Hide
Comments
May contain spoilers
Recently Published
Billboard Blitz: Fleetwood Mac
by CooCooCachoo
Music
15s
Presidents Visiting Landmarks
by Hejman
History
7m
An Introduction to Baseball
by treessimontrees
Sports
5m
More to Explore
Quiz From the Vault
Featured Blog Post
Where Did the Easter Bunny Come From?
hide this ad
You Might Also Like...
Tags
Actor Quiz
Actress Quiz
Play Quiz
Gangster
Outlaw
Today's Top Quizzes in Movies
Browse Movies
hide this ad
Today's Top Quizzes in Actress
Browse Actress
Top Contributed Quizzes in Movies
1
Pick 5 Posters: Directed by Spielberg
2
7-to-1: Pixar Characters
3
Pick 5 Posters: Lowest-Rated Spielberg
4
Sorting Actors
5
Pick 5 Posters: Directed by Scorsese
6
Sorting Actresses
7
Pick 5 Posters: Star & Director
8
Pick 5 Posters: Women Directed 2020s
9
12 Movies about Fictional 1960s Events
10
Multi-Oscar Nominations, One Movie, One Winner
Explore More
Trending Topics
Anime
Harry Potter
Kpop
Marvel
NBA
Disney
Crossword
Soccer
Country
WWE
Puzzle
NFL
Song
The Office
Pokémon
hide this ad
More By:
Prega
Quiz
Plays
Rating
Category
Featured
Created
Supporting Broadway Musical Characters
540
3.83
Entertainment
Jan 6, 2010
Notables aboard the Titanic
450
2.20
Miscellaneous
Jan 5, 2010
Gangsters in Cinema
226
4.00
Movies
Jan 12, 2010
James Cagney Movie Quotes
186
5.00
Movies
Dec 24, 2009
Notable Deaths in 2009
142
Entertainment
Dec 28, 2009
Go to Creator's Profile
Score Distribution
Quiz Creator Spotlight
Prega
Follow
Send a Message
Quizzes Created
-
Created Quiz Play Count
-
More By This Creator
Popular Quizzes Today
1
Find the US States - No Outlines Minefield
2
Find the Countries of Europe - No Outlines Minefield
3
The Countries of the World
4
Find the US States
5
US States
6
Popular People in 1961
7
Risky Map Clicking: Biggest States A-Z
8
Movies - When Are They Set?
More Movies Quizzes
Christian Bale Box Office Countdown
Editor's Pick
Trending Quizzes
Risky Map Clicking: Least Populous States A-Z
1-10 Letter G Words
1-10 Letter F Words
Risky Map Clicking: Next State Alphabetically
Risky Map Clicking: Biggest States A-Z
Recently Updated
Leaping Animals
pecheneg
Reality TV Shows (A-Z)
bhenderson79
Rickey Henderson's Hall of Fame Teammates
pecheneg
Champions League XIs: Arsenal
pecheneg
Quick Pick: Celebrities in WWE's Hall of Fame
aduchscher
A-Z Keypad Blitz II
pecheneg
Multiple Oscar Actors
pecheneg
Mystery Phrase Blitz: Oscar 'Best Actors'
pecheneg
F. Scott Fitzgerald Novels
LTH
Pick 3 Villains
ddd62291
Trending Topics
Kpop
Disney
Marvel
Crossword
Harry Potter
NBA
Anime
Soccer
WWE
The Office
Pokémon
Puzzle
Song
NFL
Country
Your Account Isn't Verified!
In order to create a playlist on Sporcle, you need to verify the email address you used during registration. Go to your
Sporcle Settings
to finish the process.
Report this User
Report this user for behavior that violates our
Community Guidelines
.
Details:
Send Report
Go to the Sporcle.com Mobile Site →
Comments